000 01781cam a2200373 i 4500
999 _c66468
_d66468
001 768714001
003 CO-MdFUSB
005 20200706223312.0
007 ta
008 970728t19641964pau 001 0 eng
010 _a64012995
020 _a0800619536
040 _aDLC
_cCO-MdFUSB
_dOCL
_dCO-MdFUSB
_dCAP
_dUtOrBLW
_bspa
_erda
041 _aeng
082 _223
_a284.143
_bS747
090 _aBR1650.A2
100 1 _aSpener, Philipp Jakob,
_d1635-1705.
_eautor
245 1 0 _aPia desideria
_c/ Philip Jacob Spener ; traducido y editado por Theodore G. Tappert.
264 1 _aPhiladelphia :
_bFortress Press,
_c[1964]
264 4 _c©1964.
300 _a131 páginas ;
_c20 cm.
336 _atexto
_btxt
_2rdacontent.
337 _asin mediación
_bn
_2rdamedia.
338 _avolumen
_bnc
_2rdacarrier.
504 _aIncluye referencias bibliográficas e indice.
505 _aIntroducción: los tiempos, el hombre, el libro - El texto de la Pia Desideria - Saludo y circunstancias de la escritura - Contrato de las condiciones corruptas en la iglesia - Defectos en las autoridades civiles - Defectos en el clero - Defectos en la gente común -Delitos resultantes de estos defectos - La posibilidad de mejores condiciones en la iglesia - Propuestas para corregir las condiciones - Uso más extenso de las Escrituras - Ejercicio del sacerdocio espiritual - Práctica vs. conocimiento del cristianismo Conducta de controversias religiosas - Reforma de escuelas y universidades - Predicación con fines de edificación.
563 _aRústico
653 _a Pietismo - Trabajos tempranos hasta 1800.
700 1 _9669
_aTappert, Theodore G.
_d1904-1973
_etraductor
942 _cBK
945 _aJTF-925